<?xml version="1.0" encoding="UTF-8"?>
<record
    xmlns:xsi="http://www.w3.org/2001/XMLSchema-instance"
    xsi:schemaLocation="http://www.loc.gov/MARC21/slim http://www.loc.gov/standards/marcxml/schema/MARC21slim.xsd"
    xmlns="http://www.loc.gov/MARC21/slim">

  <leader>01597nam a22002897a 4500</leader>
  <controlfield tag="003">DO-SdBPM</controlfield>
  <controlfield tag="005">20250402110512.0</controlfield>
  <controlfield tag="008">161031b 2006 xx a     00| 0 spa d</controlfield>
  <datafield tag="020" ind1=" " ind2=" ">
    <subfield code="a">1412738334</subfield>
  </datafield>
  <datafield tag="020" ind1=" " ind2=" ">
    <subfield code="a">9781412738330</subfield>
  </datafield>
  <datafield tag="040" ind1=" " ind2=" ">
    <subfield code="a">DO-SdBPM</subfield>
    <subfield code="b">spa</subfield>
    <subfield code="c">BPMSU</subfield>
  </datafield>
  <datafield tag="082" ind1=" " ind2="4">
    <subfield code="a">808.068</subfield>
    <subfield code="b">L485u 2006</subfield>
    <subfield code="2">22</subfield>
  </datafield>
  <datafield tag="245" ind1="1" ind2="0">
    <subfield code="a">L&#xE9;eme un cuento de Winnie Pooh /</subfield>
    <subfield code="c">A. A. Milne ; traducci&#xF3;n Ana Izquierdo, Arlette de &#xC1;lba</subfield>
  </datafield>
  <datafield tag="260" ind1=" " ind2=" ">
    <subfield code="a">Lincolnwood, Illinois, Estados Unidos : </subfield>
    <subfield code="b">Publications Internacional, </subfield>
    <subfield code="c">2006.</subfield>
  </datafield>
  <datafield tag="300" ind1=" " ind2=" ">
    <subfield code="a">318 p. : </subfield>
    <subfield code="b">il. ; </subfield>
    <subfield code="c">23 cm. </subfield>
  </datafield>
  <datafield tag="490" ind1="0" ind2=" ">
    <subfield code="a">Disney </subfield>
  </datafield>
  <datafield tag="500" ind1=" " ind2=" ">
    <subfield code="a">Libro de pasta dura. </subfield>
  </datafield>
  <datafield tag="505" ind1="2" ind2=" ">
    <subfield code="a">Un dulce riesgo. -- hogar, dulce hogar. -- La grand&#xED;sima, roj&#xED;sima y rebotador&#xED;sima pelota nueva. -- Piglet el magn&#xED;fico. -- La pesadilla de Rito. -- El d&#xED;a no tan especial, muy especial. -- La verdadera familia de Tigger. -- El pajarillo azul. -- El asombrosos Winnie Pooh. -- Una aventura oscura. -- Un d&#xED;a feliz. -- Conejo y Winnie Pooh en una aventura campestre. -- El visitante nocturno. -- El tesoro de Tigger. -- Un oso confiable. -- Un desfile de patos y p&#xED;os. -- El azad&#xF3;n perdido. -- A volar&#xBF;. -- El &#xE1;rbol de miel de Winnie Pooh. -- Piglet sue&#xF1;a con dormir. -- La olla de oro. -- El m&#xE1;s grande temor de Tigger. -- Las cosas favoritas. -- Recordando a los amigos.</subfield>
  </datafield>
  <datafield tag="590" ind1=" " ind2=" ">
    <subfield code="a">Inventariado, 2025/VM</subfield>
  </datafield>
  <datafield tag="650" ind1=" " ind2="4">
    <subfield code="a">Cuentos infantiles</subfield>
  </datafield>
  <datafield tag="650" ind1=" " ind2="4">
    <subfield code="a">Historias de aventuras</subfield>
  </datafield>
  <datafield tag="700" ind1="1" ind2=" ">
    <subfield code="a">Izquierdo, Ana</subfield>
    <subfield code="e">traductora </subfield>
  </datafield>
  <datafield tag="700" ind1="1" ind2=" ">
    <subfield code="a">&#xC1;lba, Arlette de</subfield>
    <subfield code="e">traductora </subfield>
  </datafield>
  <datafield tag="710" ind1="2" ind2=" ">
    <subfield code="a">Disney</subfield>
  </datafield>
  <datafield tag="910" ind1=" " ind2=" ">
    <subfield code="a"> VMateo V. Control de calidad. BPMSU</subfield>
  </datafield>
  <datafield tag="942" ind1=" " ind2=" ">
    <subfield code="2">ddc</subfield>
    <subfield code="c">BK</subfield>
  </datafield>
  <datafield tag="952" ind1=" " ind2=" ">
    <subfield code="0">0</subfield>
    <subfield code="1">0</subfield>
    <subfield code="2">ddc</subfield>
    <subfield code="4">0</subfield>
    <subfield code="7">0</subfield>
    <subfield code="8">CI-G</subfield>
    <subfield code="a">BPMET</subfield>
    <subfield code="b">BPMET</subfield>
    <subfield code="d">2017-10-27</subfield>
    <subfield code="e">Biblioteca Juvenil e Infantil R. D.</subfield>
    <subfield code="l">0</subfield>
    <subfield code="o">BPMSU CGI 808.068 L485u 2006</subfield>
    <subfield code="p">BPMSU17100166</subfield>
    <subfield code="r">2017-10-27</subfield>
    <subfield code="w">2017-10-27</subfield>
    <subfield code="y">BK</subfield>
  </datafield>
  <datafield tag="999" ind1=" " ind2=" ">
    <subfield code="c">12709</subfield>
    <subfield code="d">12709</subfield>
  </datafield>
</record>
